Jahre der Endrunde der Fußball-Europameisterschaft - Statistiken

Allgemein
  • Dieses Quiz wurde 52 mal gespielt
    23 seit der letzten Aktualisierung
  • Das Durchschnittsergebnis liegt bei 9 aus 17
Antwortstatistiken
Hint Antwort % Korrekt
Griechenland - Portugal 1-0 2004
78%
Portugal - Frankreich 1-0 n. V. 2016
78%
Spanien - Italien 4-0 2012
72%
Italien - England 1-1 n. V. (3-2 i. E) 2020
72%
Spanien - Deutschland 1-0 2008
67%
Tschechoslowakei - Westdeutschland 2-2 n. V. (5-3 i. E.) 1976
61%
Deutschland - Tschechische Republik 2-1 n. GG. 1996
61%
Niederlande - Sowjetunion 2-0 1988
56%
Dänemark - Deutschland 2-0 1992
56%
Frankreich - Italien 2-1 n. GG. 2000
56%
Sowjetunion - Jugoslawien 2-1 n. V. 1960
50%
Spanien - Sowjetunion 2-1 1964
50%
Italien - Jugoslawien 2-0 1968
50%
Westdeutschland - Sowjetunion 3-0 1972
44%
Frankreich - Spanien 2-0 1984
39%
Westdeutschland - Belgien 2-1 1980
33%
Spanien - Deutschland 2-1 2024
22%
Keine übereinstimmenden Quizze gefunden
Verteilung der Resultate
Anzahl Personen mit jedem Resultat
Perzentil nach korrekt beantworteten Fragen
Ihre Resultats-Entwicklung
Sie haben dieses Quiz seit der letzten Aktualisierung nicht gespielt